[Event "Transcontinental III B"]
[Site "Montreal CAN"]
[Date "2010.10.22"]
[Round "1"]
[White "Deshetres, Michel"]
[Black "Bedard, Michel"]
[Result "1-0"]
[WhiteElo "1803"]
[BlackElo "1664"]
[PlyCount "37"]
[EventDate "2010.10.22"]
[EventType "tourn"]
[EventRounds "5"]
[EventCountry "CAN"]

1. c4 Nf6 2. Nc3 g6 3. d4 Bg7 4. e4 d6 5. f4 c6 6. e5 dxe5 7. fxe5 Bg4 8. Qb3
Nh5 9. Qxb7 O-O 10. Qxa8 Qd7 11. Nb5 cxb5 12. Qd5 Rd8 13. Qxd7 Rxd7 14. Be3 Nc6
15. Be2 Bxe2 16. Nxe2 Nb4 17. O-O-O Rc7 18. g4 Rxc4+ 19. Kb1 1-0

[Event "Transcontinental III B"]
[Site "Montreal CAN"]
[Date "2010.10.22"]
[Round "1"]
[White "Gauthier, Luc"]
[Black "Sonn, Eric"]
[Result "0-1"]
[WhiteElo "1840"]
[BlackElo "1575"]
[PlyCount "46"]
[EventDate "2010.10.22"]
[EventType "tourn"]
[EventRounds "5"]
[EventCountry "CAN"]

1. e4 e5 2. f4 d5 3. exd5 e4 4. d3 Nf6 5. dxe4 Nxe4 6. Nf3 Bc5 7. Qe2 Qe7 8.
Nfd2 Nf2 9. Qxe7+ Kxe7 10. Rg1 Nh3 11. Rh1 Nxf4 12. Ne4 Bb4+ 13. c3 Nxd5 14.
cxb4 Nxb4 15. Na3 Re8 16. Nf2 N8c6 17. Bd2 Kf8+ 18. Kd1 Bf5 19. Bb5 Rad8 20.
Kc1 a5 21. Re1 Rxe1+ 22. Bxe1 Nd4 23. Ba4 Ne2# 0-1

[Event "Transcontinental III B"]
[Site "Montreal CAN"]
[Date "2010.10.23"]
[Round "2"]
[White "Bedard, Michel"]
[Black "Cote, Etienne"]
[Result "0-1"]
[WhiteElo "1664"]
[BlackElo "1689"]
[PlyCount "58"]
[EventDate "2010.10.22"]
[EventType "tourn"]
[EventRounds "5"]
[EventCountry "CAN"]

1. d4 Nf6 2. c4 e6 3. Nf3 d5 4. e3 b6 5. cxd5 exd5 6. Ne5 Bd6 7. Bb5+ Nfd7 8.
Bc6 Nxc6 9. Nxc6 Qg5 10. O-O O-O 11. e4 Bxh2+ 12. Kxh2 Qh4+ 13. Kg1 dxe4 14. g3
Qh3 15. Ne7+ Kh8 16. Nxc8 Nf6 17. Qe2 Raxc8 18. Bf4 Rcd8 19. Be5 Ng4 20. f3
Nxe5 21. dxe5 Qxg3+ 22. Qg2 Qxe5 23. fxe4 Rd6 24. Rf5 Qd4+ 25. Qf2 Qxe4 26. Rf3
Rd1+ 27. Kh2 f5 28. Nc3 Qe5+ 29. Kh3 Rxa1 0-1

[Event "Transcontinental III B"]
[Site "Montreal CAN"]
[Date "2010.10.23"]
[Round "2"]
[White "Gauthier, Luc"]
[Black "Deshetres, Michel"]
[Result "0-1"]
[WhiteElo "1840"]
[BlackElo "1803"]
[PlyCount "54"]
[EventDate "2010.10.22"]
[EventType "tourn"]
[EventRounds "5"]
[EventCountry "CAN"]

1. e4 c6 2. d4 d5 3. exd5 cxd5 4. Bd3 Nf6 5. c3 Nc6 6. Bf4 Qb6 7. Qb3 Qxb3 8.
axb3 e6 9. Nf3 Be7 10. Nbd2 O-O 11. b4 b6 12. b5 Na5 13. b4 Nc4 14. Nxc4 dxc4
15. Bxc4 Ne4 16. Bd2 Nd6 17. Bd3 Bd7 18. c4 Rfc8 19. Rc1 a6 20. bxa6 Rxa6 21.
c5 Nb5 22. c6 Rxc6 23. O-O Rxc1 24. Rxc1 Ra8 25. Ne5 Be8 26. Be4 Rd8 27. Nc6
Bxc6 0-1

[Event "Transcontinental III B"]
[Site "Montreal CAN"]
[Date "2010.10.23"]
[Round "2"]
[White "Sonn, Eric"]
[Black "Mathews, Theo"]
[Result "0-1"]
[WhiteElo "1575"]
[BlackElo "1671"]
[PlyCount "102"]
[EventDate "2010.10.22"]
[EventType "tourn"]
[EventRounds "5"]
[EventCountry "CAN"]

1. e4 e5 2. Nf3 Nf6 3. Nxe5 d6 4. Nf3 Nxe4 5. d4 d5 6. Bd3 Be7 7. O-O Nc6 8. c4
Nf6 9. Nc3 Bg4 10. cxd5 Nxd5 11. Be4 Nf6 12. Be3 Nxe4 13. Nxe4 O-O 14. Rc1 Qd5
15. Nc3 Qh5 16. Ne4 Rfd8 17. Ng3 Qd5 18. a3 Rac8 19. Qe2 Bxf3 20. gxf3 Bd6 21.
Rcd1 Re8 22. Ne4 Re6 23. Nxd6 Rg6+ 24. Kh1 Qxd6 25. Qd2 Qd5 26. Qe2 Re8 27. Rg1
Rxg1+ 28. Kxg1 Nxd4 29. Qd3 Nxf3+ 30. Kh1 Qxd3 31. Rxd3 Ne5 32. Rc3 Nc6 33. b4
a6 34. Bf4 Re7 35. Rd3 f6 36. Kg2 Kf7 37. Bd2 Ke6 38. a4 Rd7 39. Re3+ Kf7 40.
Bc3 b5 41. axb5 axb5 42. Re2 Rd3 43. Rc2 Ne7 44. Be1 c6 45. Ra2 Rd1 46. Bd2 Ke6
47. Be3 Nd5 48. Rb2 Nxe3+ 49. fxe3 Rc1 50. Kf3 f5 51. Rd2 Rc4 0-1

[Event "Transcontinental III B"]
[Site "Montreal CAN"]
[Date "2010.10.23"]
[Round "3"]
[White "Cote, Etienne"]
[Black "Gauthier, Luc"]
[Result "1-0"]
[WhiteElo "1689"]
[BlackElo "1840"]
[PlyCount "57"]
[EventDate "2010.10.22"]
[EventType "tourn"]
[EventRounds "5"]
[EventCountry "CAN"]

1. e4 Nf6 2. e5 Nd5 3. d4 d6 4. c4 Nb6 5. f4 dxe5 6. fxe5 Nc6 7. Be3 Bf5 8. Nf3
e6 9. Nc3 Bg4 10. Be2 Bxf3 11. gxf3 Qh4+ 12. Bf2 Qf4 13. c5 Nd5 14. Nxd5 exd5
15. Bb5 O-O-O 16. Bxc6 bxc6 17. Ke2 f6 18. Qa4 fxe5 19. Qxc6 exd4 20. Qa8+ Kd7
21. Qxd5+ Bd6 22. Bxd4 Rhe8+ 23. Kd3 c6 24. Qxd6+ Qxd6 25. cxd6 Kxd6 26. Rae1
Rxe1 27. Rxe1 g6 28. Kc4 a6 29. Bc5+ 1-0

[Event "Transcontinental III B"]
[Site "Montreal CAN"]
[Date "2010.10.23"]
[Round "3"]
[White "Deshetres, Michel"]
[Black "Sonn, Eric"]
[Result "1-0"]
[WhiteElo "1803"]
[BlackElo "1575"]
[PlyCount "55"]
[EventDate "2010.10.22"]
[EventType "tourn"]
[EventRounds "5"]
[EventCountry "CAN"]

1. Nf3 c5 2. g3 Nc6 3. Bg2 g6 4. O-O Bg7 5. c4 e6 6. Nc3 Nge7 7. d3 O-O 8. a3
d5 9. cxd5 Nxd5 10. Bd2 b6 11. Rc1 Bb7 12. Nxd5 exd5 13. Qc2 Rc8 14. Qb1 Re8
15. Rfe1 Nd4 16. Nxd4 cxd4 17. Rxc8 Bxc8 18. Qa2 Bb7 19. Kf1 Bf8 20. Rc1 Qe7
21. Bf3 a5 22. Bf4 Rc8 23. Rxc8 Bxc8 24. Bxd5 Kg7 25. Qc4 Bh3+ 26. Ke1 Qf6 27.
Qc7 Be6 28. Be5 1-0

[Event "Transcontinental III B"]
[Site "Montreal CAN"]
[Date "2010.10.24"]
[Round "4"]
[White "Deshetres, Michel"]
[Black "Cote, Etienne"]
[Result "0-1"]
[WhiteElo "1803"]
[BlackElo "1689"]
[PlyCount "78"]
[EventDate "2010.10.22"]
[EventType "tourn"]
[EventRounds "5"]
[EventCountry "CAN"]

1. c4 e5 2. Nc3 Nc6 3. Nf3 f5 4. d4 e4 5. Nd2 Nf6 6. e3 Be7 7. a3 O-O 8. b4 a6
9. b5 axb5 10. cxb5 Na5 11. Nc4 Nxc4 12. Bxc4+ d5 13. Bb3 Kh8 14. a4 Bb4 15.
Bd2 Be6 16. Nxe4 fxe4 17. Bxb4 Rf7 18. h3 Ne8 19. Rc1 Qg5 20. g3 Nd6 21. Bxd6
cxd6 22. Rc2 Raf8 23. Rh2 Rf3 24. Qe2 h6 25. Kd1 Bxh3 26. Qe1 Be6 27. Rc7 Bg4
28. Kc1 Qd8 29. b6 Qa8 30. Bd1 Qa6 31. Bxf3 Bxf3 32. a5 Qd3 33. Qd2 Qa3+ 34.
Kb1 Qb3+ 35. Qb2 Qd1+ 36. Ka2 Ra8 37. Qc3 Qa4+ 38. Qa3 Qb5 39. Qb3 Qxa5+ 0-1

[Event "Transcontinental III B"]
[Site "Montreal CAN"]
[Date "2010.10.24"]
[Round "4"]
[White "Gauthier, Luc"]
[Black "Mathews, Theo"]
[Result "1-0"]
[WhiteElo "1840"]
[BlackElo "1671"]
[PlyCount "49"]
[EventDate "2010.10.22"]
[EventType "tourn"]
[EventRounds "5"]
[EventCountry "CAN"]

1. e4 e5 2. Nf3 Nf6 3. Nxe5 d6 4. Nxf7 Kxf7 5. d4 Nxe4 6. Qh5+ g6 7. Qd5+ Kg7
8. Qxe4 Be7 9. Bd3 Bf6 10. O-O d5 11. Qf4 Nc6 12. Qh6+ Kf7 13. c3 Ne7 14. Be3
Nf5 15. Bxf5 Bxf5 16. Nd2 Qf8 17. Qf4 Rc8 18. Rfe1 Bd7 19. Nf3 Kg7 20. Bd2 Rg8
21. Ne5 Be8 22. Ng4 h5 23. Nxf6 Qxf6 24. Qh6+ Kf7 25. Bg5 1-0

[Event "Transcontinental III B"]
[Site "Montreal CAN"]
[Date "2010.10.24"]
[Round "4"]
[White "Sonn, Eric"]
[Black "Bedard, Michel"]
[Result "1/2-1/2"]
[WhiteElo "1575"]
[BlackElo "1664"]
[PlyCount "50"]
[EventDate "2010.10.22"]
[EventType "tourn"]
[EventRounds "5"]
[EventCountry "CAN"]

1. e4 e5 2. Nf3 Nf6 3. Nxe5 d6 4. Nf3 Nxe4 5. d4 d5 6. Bd3 Nc6 7. c4 Nb4 8. Be2
Be7 9. Nc3 O-O 10. a3 Nxc3 11. bxc3 Nc6 12. O-O dxc4 13. Bxc4 Bf6 14. Rb1 Ne7
15. Bd3 b6 16. Qc2 g6 17. Bg5 Nf5 18. Bxf6 Qxf6 19. Rfe1 Nh4 20. Nxh4 Qxh4 21.
Re3 Bd7 22. Rbe1 Rae8 23. Be4 Qf6 24. Qd3 Qd6 25. c4 Re7 1/2-1/2

[Event "Transcontinental III B"]
[Site "Montreal CAN"]
[Date "2010.10.24"]
[Round "5"]
[White "Bedard, Michel"]
[Black "Gauthier, Luc"]
[Result "1/2-1/2"]
[WhiteElo "1664"]
[BlackElo "1840"]
[PlyCount "87"]
[EventDate "2010.10.22"]
[EventType "tourn"]
[EventRounds "5"]
[EventCountry "CAN"]

1. d4 d5 2. c4 e5 3. dxe5 d4 4. g3 Nc6 5. Nf3 Nge7 6. Bg5 h6 7. Bxe7 Bxe7 8.
Bg2 Bf5 9. a3 Qd7 10. h3 O-O 11. Nbd2 Rfd8 12. Rc1 a5 13. c5 Qe6 14. Qb3 Qg6
15. O-O Rab8 16. Qa4 Qe6 17. Kh2 g5 18. Nb3 Qd7 19. Rfd1 Nxe5 20. Qxd7 Nxf3+
21. Bxf3 Rxd7 22. Rxd4 Bf6 23. Rxd7 Bxd7 24. Rb1 b6 25. c6 Be6 26. Nd2 Ba2 27.
Rc1 Be6 28. Rc2 Rd8 29. Ne4 Be5 30. Nd2 a4 31. Nc4 Bxc4 32. Rxc4 Bxb2 33. Rxa4
Be5 34. Kg2 Kf8 35. Bg4 Rd4 36. Ra8+ Ke7 37. Bd7 Rd2 38. e3 Ra2 39. a4 Kd6 40.
Be8 Ke7 41. Kf3 b5 42. Bd7 Rxa4 43. Rb8 b4 44. Re8+ 1/2-1/2

[Event "Transcontinental III B"]
[Site "Montreal CAN"]
[Date "2010.10.24"]
[Round "5"]
[White "Cote, Etienne"]
[Black "Sonn, Eric"]
[Result "1-0"]
[WhiteElo "1689"]
[BlackElo "1575"]
[PlyCount "55"]
[EventDate "2010.10.22"]
[EventType "tourn"]
[EventRounds "5"]
[EventCountry "CAN"]

1. e4 c5 2. Nc3 e6 3. g3 Nc6 4. Bg2 g6 5. d3 Bg7 6. Be3 d6 7. f4 Nd4 8. Nf3 Ne7
9. O-O O-O 10. h3 Rb8 11. g4 b5 12. Bxd4 cxd4 13. Ne2 e5 14. f5 d5 15. Nh2 f6
16. Ng3 b4 17. h4 a5 18. Qd2 Bb7 19. g5 dxe4 20. dxe4 gxf5 21. exf5 Bxg2 22.
Kxg2 Nd5 23. Ng4 Nf4+ 24. Rxf4 exf4 25. Nh5 fxg5 26. f6 Qd5+ 27. Kh2 Bh8 28.
Nh6# 1-0

[Event "Transcontinental III B"]
[Site "Montreal CAN"]
[Date "2010.10.24"]
[Round "5"]
[White "Mathews, Theo"]
[Black "Deshetres, Michel"]
[Result "1-0"]
[WhiteElo "1671"]
[BlackElo "1803"]
[PlyCount "125"]
[EventDate "2010.10.22"]
[EventType "tourn"]
[EventRounds "5"]
[EventCountry "CAN"]

1. d4 d5 2. c4 dxc4 3. e4 e5 4. Nf3 exd4 5. Qxd4 Qxd4 6. Nxd4 Bc5 7. Nb5 Bb6 8.
Bxc4 a6 9. N5c3 Nf6 10. O-O O-O 11. Bf4 Re8 12. Nd2 Nc6 13. Nd5 Nxd5 14. exd5
Nd4 15. Rfe1 Bf5 16. Rac1 Nc2 17. Rxe8+ Rxe8 18. g3 Nd4 19. Be3 h6 20. h3 Rd8
21. Kh2 c6 22. dxc6 Bc7 23. a3 b5 24. Bf1 h5 25. h4 Bg6 26. Bg2 Nf5 27. Bf4
Bxf4 28. gxf4 Rxd2 29. c7 Nd6 30. Rc6 Nc8 31. Bh3 Rd6 32. Rxd6 Nxd6 33. c8=Q+
Nxc8 34. Bxc8 a5 35. Kg3 Be4 36. b4 axb4 37. axb4 Kf8 38. Bd7 Bd3 39. Kf3 Ke7
40. Bh3 Kd6 41. Ke3 Bc4 42. Kd4 g6 43. Bg2 Be2 44. Bd5 Ke7 45. Kc5 Kf6 46. Bc6
Kf5 47. Bxb5 Bf3 48. Bc6 Be2 49. Bd5 Kxf4 50. Bxf7 Kg4 51. Bxg6 Kxh4 52. b5
Bxb5 53. Kxb5 Kg4 54. Be4 h4 55. Kc5 h3 56. Kd5 Kf4 57. Bh1 Kf5 58. Kd4 Kf4 59.
Kd3 Kg4 60. Ke3 h2 61. Ke4 Kh4 62. Ke5 Kg4 63. f4 1-0

[Event "Veranda inv."]
[Site "Fancy Lake CAN"]
[Date "2010.07.31"]
[Round "1"]
[White "Charlton, Glenn"]
[Black "Wysocki, Antoni"]
[Result "0-1"]
[WhiteElo "2071"]
[BlackElo "2177"]
[PlyCount "60"]
[EventDate "2010.07.31"]
[EventType "tourn"]
[EventRounds "5"]
[EventCountry "CAN"]

1. e4 e6 2. d4 d5 3. Nd2 dxe4 4. Nxe4 Nd7 5. Nf3 Ngf6 6. Nxf6+ Nxf6 7. Bd3 Be7
8. O-O O-O 9. Qe2 c5 10. Rd1 Qc7 11. Bg5 Rd8 12. c3 Bd7 13. dxc5 Qxc5 14. Ne5
Be8 15. Rac1 Rd5 16. b4 Qc7 17. Nf3 Ba4 18. Re1 Rad8 19. Bc4 R5d7 20. Ne5 Rd6
21. Bf4 Nd5 22. Bxd5 Rxd5 23. Nxf7 Qxf4 24. Nxd8 Bxd8 25. Qxe6+ Qf7 26. Qe2 Bg5
27. c4 Rd2 28. Qf1 Rd4 29. g3 Bxc1 30. Rxc1 Qd7 0-1

[Event "Veranda inv."]
[Site "Fancy Lake CAN"]
[Date "2010.07.31"]
[Round "1"]
[White "Naugler, Rex"]
[Black "Kenney, David"]
[Result "1/2-1/2"]
[WhiteElo "1842"]
[BlackElo "1954"]
[PlyCount "111"]
[EventDate "2010.07.31"]
[EventType "tourn"]
[EventRounds "5"]
[EventCountry "CAN"]

1. d4 d5 2. Bf4 Nf6 3. e3 e6 4. Nf3 Bd6 5. Be5 O-O 6. c4 c6 7. Nbd2 Ne4 8. Bd3
f5 9. O-O Qe7 10. c5 Bxe5 11. Nxe5 Nd7 12. Nxd7 Bxd7 13. f3 Nxd2 14. Qxd2 e5
15. f4 e4 16. Be2 Kh8 17. b4 g5 18. a4 Rg8 19. a5 a6 20. Ra2 Rg6 21. g3 Rag8
22. fxg5 Qxg5 23. Rf4 Qh6 24. Qe1 Rg5 25. Bd1 Be8 26. Rg2 Qe6 27. Qf2 Bd7 28.
Rh4 Qe7 29. Qf4 Bc8 30. Rh6 Qg7 31. Rh4 Qe7 32. Kf2 R5g6 33. Bh5 Rg5 34. Be2
R5g6 35. Rh5 Rg5 36. Rh6 R5g6 37. Rh3 R6g7 38. Rg1 Qg5 39. Qe5 f4 40. Qxg5 Rxg5
41. Rh4 fxe3+ 42. Kxe3 Rf8 43. Rf1 Rxf1 44. Bxf1 Rf5 45. Rf4 Kg7 46. Be2 Rxf4
47. Kxf4 Kf6 48. g4 h6 49. h4 Bd7 50. Bf1 Be6 51. Bh3 Ke7 52. Bf1 Kf6 53. Be2
Bc8 54. Bf1 Be6 55. Bh3 Bd7 56. Bf1 1/2-1/2

[Event "Veranda inv."]
[Site "Fancy Lake CAN"]
[Date "2010.07.31"]
[Round "1"]
[White "Pentz, Brian"]
[Black "Giacomin, Gordon"]
[Result "1-0"]
[WhiteElo "1975"]
[BlackElo "2047"]
[PlyCount "67"]
[EventDate "2010.07.31"]
[EventType "tourn"]
[EventRounds "5"]
[EventCountry "CAN"]

1. f4 Nf6 2. Nf3 c5 3. e3 Nc6 4. Be2 g6 5. O-O Bg7 6. c3 O-O 7. d4 d6 8. d5 Nb8
9. c4 e6 10. Nc3 exd5 11. Nxd5 Nbd7 12. Nc3 Nb6 13. e4 Qe7 14. Bd3 Ne8 15. Qc2
f5 16. Bd2 fxe4 17. Nxe4 Bf5 18. Rae1 Qc7 19. b3 Kh8 20. Neg5 Qd7 21. Re2 d5
22. Ne5 Bxd3 23. Qxd3 Qf5 24. Qxf5 Rxf5 25. g4 Rxe5 26. fxe5 dxc4 27. Rf7 cxb3
28. axb3 c4 29. bxc4 Nxc4 30. Rxb7 a5 31. Bc3 a4 32. Ne6 a3 33. Nxg7 Nxg7 34.
e6 1-0

[Event "Veranda inv."]
[Site "Fancy Lake CAN"]
[Date "2010.07.31"]
[Round "2"]
[White "Kenney, David"]
[Black "Giacomin, Gordon"]
[Result "1/2-1/2"]
[WhiteElo "1954"]
[BlackElo "2047"]
[PlyCount "58"]
[EventDate "2010.07.31"]
[EventType "tourn"]
[EventRounds "5"]
[EventCountry "CAN"]

1. c4 Nf6 2. g3 g6 3. Bg2 Bg7 4. Nc3 O-O 5. Nf3 d6 6. d4 Nbd7 7. O-O c5 8. d5
a6 9. e4 Rb8 10. a4 Ne8 11. Re1 Ne5 12. Nxe5 Bxe5 13. f4 Bd4+ 14. Be3 e5 15.
Kh1 f5 16. fxe5 Bxe5 17. exf5 Bxf5 18. Qd2 Nf6 19. Rad1 Qd7 20. Rf1 Bxc3 21.
Qxc3 Qxa4 22. b3 Qd7 23. Rde1 Rbe8 24. Bh6 Rf7 25. Bc1 Ne4 26. Qe3 Nf6 27. Qc3
Ne4 28. Qe3 Nf6 29. Qc3 Ne4 1/2-1/2

[Event "Veranda inv."]
[Site "Fancy Lake CAN"]
[Date "2010.07.31"]
[Round "2"]
[White "Naugler, Rex"]
[Black "Charlton, Glenn"]
[Result "1/2-1/2"]
[WhiteElo "1842"]
[BlackElo "2071"]
[PlyCount "118"]
[EventDate "2010.07.31"]
[EventType "tourn"]
[EventRounds "5"]
[EventCountry "CAN"]

1. d4 d6 2. Nf3 g6 3. g3 Bg7 4. Bg2 Nf6 5. O-O O-O 6. Nc3 Nbd7 7. e4 e5 8. dxe5
dxe5 9. Be3 b6 10. Qd2 Bb7 11. Ne1 Ng4 12. Rd1 Nxe3 13. Qxe3 Qe7 14. Nd3 Nf6
15. Rfe1 Rad8 16. a3 c5 17. f3 Bc6 18. Qg5 h6 19. Qxe5 Qb7 20. Qf4 Nh5 21. Qc1
f5 22. Nf2 g5 23. Rxd8 Rxd8 24. Rd1 Rf8 25. Rd3 Bd4 26. exf5 Rxf5 27. g4 Bxf3
28. gxf5 Bxg2 29. Qe1 Nf4 30. Qe8+ Kg7 31. Ne2 Bxf2+ 32. Kxf2 Nxd3+ 33. cxd3
Qf3+ 34. Ke1 Qxf5 35. Qe7+ Qf7 36. Qe5+ Kh7 37. Ng3 Bd5 38. Nf5 Qe6 39. Qxe6
Bxe6 40. Nd6 Kg6 41. Nb5 Bd7 42. Nxa7 Kf5 43. b4 cxb4 44. axb4 b5 45. Kf2 Ke5
46. Ke3 Kd5 47. d4 h5 48. Kd3 g4 49. Ke3 h4 50. Kf4 Kc4 51. d5 Kxb4 52. Nc6+
Kc5 53. Ne5 Kd6 54. Ke4 Bc8 55. Kd4 g3 56. hxg3 hxg3 57. Nf3 Bb7 58. Nh4 Bxd5
59. Nf5+ Ke6 1/2-1/2

[Event "Veranda inv."]
[Site "Fancy Lake CAN"]
[Date "2010.07.31"]
[Round "2"]
[White "Wysocki, Antoni"]
[Black "Pentz, Brian"]
[Result "1-0"]
[WhiteElo "2185"]
[BlackElo "1975"]
[PlyCount "105"]
[EventDate "2010.07.31"]
[EventType "tourn"]
[EventRounds "5"]
[EventCountry "CAN"]

1. c4 f5 2. g3 Nf6 3. Bg2 e6 4. Nf3 Be7 5. O-O O-O 6. d4 c6 7. b3 d5 8. Bb2 Qe8
9. Nbd2 Nbd7 10. Ne5 Nxe5 11. dxe5 Nh5 12. e3 g6 13. Nf3 Bd7 14. cxd5 cxd5 15.
Rc1 Bc6 16. Nd4 Qd7 17. Qd2 Ng7 18. Rc2 Rac8 19. Rfc1 Rfd8 20. Bf1 Qe8 21. Qa5
Qd7 22. a4 Rc7 23. Qxa7 Rdc8 24. Qb6 Bd8 25. a5 Ra8 26. a6 Rcc8 27. Qb4 Be7 28.
Qd2 Ne8 29. b4 Ba4 30. Rxc8 Rxc8 31. Rxc8 Qxc8 32. a7 Bd7 33. Qc3 Qxc3 34. Bxc3
Nc7 35. Nb5 Na8 36. Nd6 Bxd6 37. exd6 Kf7 38. Kg2 g5 39. f4 g4 40. Kf2 Ke8 41.
Bf6 Ba4 42. Ke1 Kd7 43. Be7 Kc8 44. Kd2 Bd7 45. Kd3 b5 46. Kd4 Kb7 47. Bd8 Kxa7
48. Ke5 Nb6 49. Bxb6+ Kxb6 50. Kf6 Kc6 51. Ke7 Bc8 52. Kd8 Bb7 53. d7 1-0

[Event "Veranda inv."]
[Site "Fancy Lake CAN"]
[Date "2010.07.31"]
[Round "3"]
[White "Charlton, Glenn"]
[Black "Kenney, David"]
[Result "1-0"]
[WhiteElo "2071"]
[BlackElo "1954"]
[PlyCount "53"]
[EventDate "2010.07.31"]
[EventType "tourn"]
[EventRounds "5"]
[EventCountry "CAN"]

1. e4 e5 2. Nf3 Nc6 3. Nc3 Nf6 4. a3 Be7 5. d4 exd4 6. Nxd4 Nxd4 7. Qxd4 d6 8.
Bc4 a6 9. O-O c5 10. Qd3 O-O 11. Bf4 b5 12. Bd5 Ra7 13. Rad1 Qb6 14. h3 Rd7 15.
Rfe1 Rfd8 16. g4 h6 17. Qf3 Bb7 18. Bxb7 Qxb7 19. h4 b4 20. axb4 cxb4 21. Nd5
Nxd5 22. Rxd5 Bxh4 23. Rh5 Bg5 24. Bxg5 hxg5 25. Rxg5 Re7 26. Qf6 g6 27. Re3
1-0

[Event "Veranda inv."]
[Site "Fancy Lake CAN"]
[Date "2010.07.31"]
[Round "3"]
[White "Giacomin, Gordon"]
[Black "Wysocki, Antoni"]
[Result "1-0"]
[WhiteElo "2047"]
[BlackElo "2185"]
[PlyCount "79"]
[EventDate "2010.07.31"]
[EventType "tourn"]
[EventRounds "5"]
[EventCountry "CAN"]

1. e4 d5 2. exd5 Nf6 3. d4 Bg4 4. Be2 Bxe2 5. Qxe2 Qxd5 6. Nf3 Nc6 7. c4 Qe4 8.
Nc3 Qxe2+ 9. Kxe2 e6 10. Bf4 O-O-O 11. Rhd1 Bb4 12. Rac1 Rhe8 13. a3 Bxc3 14.
Rxc3 e5 15. dxe5 Rxd1 16. Kxd1 Nh5 17. g3 h6 18. h4 Re6 19. b4 Nxf4 20. gxf4
Rg6 21. Ke2 Rg4 22. Ke3 Ne7 23. Ke4 Ng6 24. h5 Nxf4 25. Kf5 Ne2 26. Kxg4 Nxc3
27. Nd4 Ne4 28. f4 g6 29. f5 gxh5+ 30. Kxh5 Nd2 31. e6 fxe6 32. Nxe6 Nxc4 33.
Kxh6 Nd6 34. Kg6 Kd7 35. Nd4 a6 36. f6 b6 37. Nf5 Nxf5 38. Kxf5 Ke8 39. Ke6 Kf8
40. Kd5 1-0

[Event "Veranda inv."]
[Site "Fancy Lake CAN"]
[Date "2010.07.31"]
[Round "3"]
[White "Pentz, Brian"]
[Black "Naugler, Rex"]
[Result "1-0"]
[WhiteElo "1975"]
[BlackElo "1842"]
[PlyCount "59"]
[EventDate "2010.07.31"]
[EventType "tourn"]
[EventRounds "5"]
[EventCountry "CAN"]

1. f4 d5 2. e3 Nc6 3. Nf3 Bg4 4. d4 e6 5. c3 Be7 6. Nbd2 a6 7. Bd3 Nh6 8. O-O
Nf5 9. Qe1 Bh4 10. g3 Be7 11. e4 Nd6 12. exd5 exd5 13. Ne5 Bd7 14. Ndf3 f6 15.
Nxd7 Qxd7 16. Kg2 O-O-O 17. b4 Rde8 18. a4 Nb8 19. Bd2 h5 20. h4 Nf5 21. Qb1
Nd6 22. b5 a5 23. Qc2 b6 24. Bg6 Ref8 25. Rae1 Kb7 26. Re2 Bd8 27. Rfe1 Qg4 28.
f5 Rh6 29. Bxh6 gxh6 30. Nh2 1-0

[Event "Veranda inv."]
[Site "Fancy Lake CAN"]
[Date "2010.08.01"]
[Round "4"]
[White "Charlton, Glenn"]
[Black "Pentz, Brian"]
[Result "1-0"]
[WhiteElo "2071"]
[BlackElo "1975"]
[PlyCount "69"]
[EventDate "2010.07.31"]
[EventType "tourn"]
[EventRounds "5"]
[EventCountry "CAN"]

1. e4 Nc6 2. Nf3 d5 3. exd5 Qxd5 4. Nc3 Qh5 5. d4 Bg4 6. Be2 Nf6 7. d5 O-O-O 8.
Ng5 Bxe2 9. Qxe2 Nb4 10. Qxh5 Nxh5 11. O-O Nxc2 12. Rb1 Rd7 13. Nxf7 Rg8 14. a3
Nd4 15. Rd1 Nb3 16. Be3 a6 17. Ne5 Rd8 18. g4 Nf6 19. g5 Ne8 20. Ne2 Nd6 21.
Rd3 Na5 22. Rc1 g6 23. Bb6 Nc6 24. Bxc7 Kxc7 25. dxc6 bxc6 26. Nf4 Rc8 27. Nd5+
Kb8 28. Nb6 Bg7 29. Ned7+ Ka7 30. Nxc8+ Rxc8 31. b4 Nb5 32. a4 Nd4 33. b5 axb5
34. Rxd4 Bxd4 35. axb5 1-0

[Event "Veranda inv."]
[Site "Fancy Lake CAN"]
[Date "2010.08.01"]
[Round "4"]
[White "Kenney, David"]
[Black "Wysocki, Antoni"]
[Result "0-1"]
[WhiteElo "1954"]
[BlackElo "2177"]
[PlyCount "76"]
[EventDate "2010.07.31"]
[EventType "tourn"]
[EventRounds "5"]
[EventCountry "CAN"]

1. c4 e5 2. g3 Nf6 3. Bg2 d5 4. cxd5 Nxd5 5. Nc3 Nb6 6. Nf3 Nc6 7. O-O Be7 8.
d3 O-O 9. a3 Be6 10. b4 f6 11. Bb2 a6 12. Rc1 Qd7 13. Re1 Rad8 14. Qc2 Rfe8 15.
Ne4 Kh8 16. Red1 Bf8 17. Rd2 Qf7 18. Qd1 Bb3 19. Qf1 a5 20. bxa5 Na4 21. a6
Nxb2 22. axb7 Na5 23. Nc5 Bxc5 24. Rxc5 Nxb7 25. Rc1 Na4 26. Nxe5 Rxe5 27. Bxb7
c5 28. Bc6 Qc7 29. Qg2 Qa5 30. Rdd1 Bxd1 31. Rxd1 Nc3 32. Ra1 Nxe2+ 33. Kh1 Qc3
34. Qf1 Qxd3 35. a4 c4 36. h4 c3 37. a5 Rxa5 38. Rxa5 Nxg3+ 0-1

[Event "Veranda inv."]
[Site "Fancy Lake CAN"]
[Date "2010.08.01"]
[Round "4"]
[White "Naugler, Rex"]
[Black "Giacomin, Gordon"]
[Result "0-1"]
[WhiteElo "1842"]
[BlackElo "2047"]
[PlyCount "60"]
[EventDate "2010.07.31"]
[EventType "tourn"]
[EventRounds "5"]
[EventCountry "CAN"]

1. d4 Nf6 2. Nf3 d5 3. Bf4 e6 4. e3 Bd6 5. Bg3 O-O 6. Nbd2 b6 7. Bd3 Bb7 8. c3
c5 9. Ne5 Nc6 10. Ndf3 Rc8 11. Qe2 Qc7 12. O-O Ne4 13. Nxc6 Nxg3 14. hxg3 Bxc6
15. Ng5 g6 16. f4 Rce8 17. Kf2 f6 18. Nf3 e5 19. Bb5 exf4 20. Bxc6 fxe3+ 21.
Kg1 Qxc6 22. dxc5 bxc5 23. b4 Bxg3 24. b5 Qe6 25. Rfd1 Qf5 26. Rd3 Bf2+ 27. Kf1
Qh5 28. Qb2 Qh1+ 29. Ke2 Qxg2 30. Ne1 Bxe1+ 0-1

[Event "Veranda inv."]
[Site "Fancy Lake CAN"]
[Date "2010.08.01"]
[Round "5"]
[White "Giacomin, Gordon"]
[Black "Charlton, Glenn"]
[Result "1/2-1/2"]
[WhiteElo "2047"]
[BlackElo "2071"]
[PlyCount "87"]
[EventDate "2010.07.31"]
[EventType "tourn"]
[EventRounds "5"]
[EventCountry "CAN"]

1. e4 d6 2. Nf3 g6 3. Bc4 Bg7 4. O-O Nf6 5. d3 O-O 6. Nc3 c5 7. Bg5 Nc6 8. h3
a6 9. a4 Bd7 10. Qd2 Nd4 11. Nxd4 cxd4 12. Nd5 e6 13. Nxf6+ Bxf6 14. f4 Bxg5
15. fxg5 Bc6 16. Bb3 Qd7 17. Qf2 e5 18. Qf6 Rae8 19. Qf3 Rd8 20. h4 d5 21. exd5
Bxd5 22. Bxd5 Qxd5 23. Qxd5 Rxd5 24. Rf2 Rc8 25. Re1 Rdc5 26. Ree2 R8c7 27. Kf1
b5 28. b4 Rd5 29. a5 Kg7 30. Rf6 h6 31. Rxa6 hxg5 32. hxg5 e4 33. dxe4 Rxg5 34.
Rd6 Rc4 35. Rd5 Kh6 36. Rd2 Rxb4 37. R2xd4 Rxd4 38. Rxd4 Rc5 39. Rd5 Rxc2 40.
Rxb5 f6 41. a6 Ra2 42. Rb6 Kg5 43. Re6 Ra1+ 44. Kf2 1/2-1/2

[Event "Veranda inv."]
[Site "Fancy Lake CAN"]
[Date "2010.08.01"]
[Round "5"]
[White "Pentz, Brian"]
[Black "Kenney, David"]
[Result "1-0"]
[WhiteElo "1975"]
[BlackElo "1954"]
[PlyCount "51"]
[EventDate "2010.07.31"]
[EventType "tourn"]
[EventRounds "5"]
[EventCountry "CAN"]

1. f4 d5 2. Nf3 Nf6 3. e3 c5 4. c3 e6 5. Bd3 Bd6 6. Bc2 O-O 7. O-O Nc6 8. d4 b6
9. Ne5 Bb7 10. Nd2 Ne7 11. Rf3 Rc8 12. Rh3 g6 13. Qf3 cxd4 14. exd4 Nf5 15. Bd3
Rc7 16. g4 Ng7 17. Rh6 Nge8 18. Qh3 Ng7 19. Ndf3 Re8 20. Ng5 Bf8 21. Rxh7 Ngh5
22. gxh5 gxh5 23. Ngxf7 Qc8 24. Qg3+ Ng4 25. Nxg4 Rxf7 26. Nh6# 1-0